Notas del viaje de mi vida (Record no. 99053)

MARC details
000 -LEADER
campo de control de longitud fija 01175nam a2200229 i 4500
001 - NÚMERO DE CONTROL
campo de control 99053
003 - IDENTIFICADOR DE NÚMERO DE CONTROL
campo de control ES-MaACL
005 - FECHA Y HORA DE LA ÚLTIMA TRANSACCIÓN
campo de control 20250731034207.0
007 - CAMPO FIJO DE DESCRIPCIÓN FÍSICA--INFORMACIÓN GENERAL
campo de control de longitud fija t|
008 - DATOS DE LONGITUD FIJA--INFORMACIÓN GENERAL
campo de control de longitud fija 051111m19251929sp cf |||| |aspa d
080 ## - NÚMERO DE LA CLASIFICACIÓN DECIMAL UNIVERSAL
Número de la Clasificación Decimal Universal 929 Espina y Capo, Antonio
100 1# - ENTRADA PRINCIPAL--NOMBRE DE PERSONA
Nombre de persona Espina y Capo, Antonio,
Fechas asociadas al nombre 1850-1930
9 (RLIN) 47840
245 10 - MENCIÓN DEL TÍTULO
Título Notas del viaje de mi vida
Resto del título : 1850 a 1920 /
Mención de responsabilidad, etc. por Antonio Espina y Capo.
260 ## - PUBLICACIÓN, DISTRIBUCIÓN, ETC.
Lugar de publicación, distribución, etc. Madrid :
Nombre del editor, distribuidor, etc. [s.n.],
Fecha de publicación, distribución, etc. 1925-1929 (
Fabricante Tall. Espasa-Calpe)
300 ## - DESCRIPCIÓN FÍSICA
Extensión 4 v. :
Otras características físicas retr. del autor ;
Dimensiones 19 cm.
500 ## - NOTA GENERAL
Nota general Referencias al Ateneo en: v. 1: p. 68, p. 145-151 - v. 2: p. 282-283, p. 395-396 - v. 3: p. 251-257, p. 262-263 - v. 4: p. 321-322, p. 328-331.
505 8# - NOTA DE CONTENIDO CON FORMATO
Nota de contenido con formato Contiene: 1 ;
Título Ante mis libros y mis recuerdos: 1850 a 1860 (229 p.) - v. 2 ;
-- La formación de mi pensamiento: 1861 a 1870 (467 p.) - v. 3 ;
-- Mis luchas, mis primeros años de vida independiente y profesional: 1871 a 1880 (521 p.) - v. 4 ;
-- En pleno ejercicio profesional: 1881 a 1890 (560 p.)
600 14 - PUNTO DE ACCESO ADICIONAL DE MATERIA--NOMBRE DE PERSONA
Nombre de persona Espina y Capo, Antonio,
Fechas asociadas al nombre 1850-1930
9 (RLIN) 47840
610 24 - PUNTO DE ACCESO ADICIONAL DE MATERIA--NOMBRE DE ENTIDAD CORPORATIVA
Nombre de entidad corporativa o nombre de jurisdicción como elemento de entrada Ateneo de Madrid-
Subdivisión de forma Historia-
-- Relatos personales
9 (RLIN) 1926
852 ## - LOCALIZACIÓN
Ubicación ES-MaACL
Número de control de estantería G-12807-10
Holdings
Estatus retirado Estado de pérdida Estado de daño No para préstamo Colección Biblioteca de origen Biblioteca actual Ubicación en estantería Fecha de adquisición Fuente de adquisición Total de préstamos Signatura topográfica completa Código de barras Visto por última vez Precio de reemplazo Tipo de ítem Koha
        Fondo Ateneo de Madrid Biblioteca del Ateneo de Madrid Biblioteca del Ateneo de Madrid Sala Pecera Planta 3 17/01/2008     G-12807-10 1103414 23/02/2023 23/02/2023 Libro impreso